Statistics for German Football Champions

Click here to take the quiz!

General Stats

  • This quiz has been taken 767 times
  • The average score is 27 of 29

Answer Stats

YearTeam#% Correct
2019/20Bayern Munich30
100%
2007/08Bayern Munich21
100%
1993/94Bayern Munich13
100%
1996/97Bayern Munich14
100%
1998/99Bayern Munich15
100%
1999/00Bayern Munich16
100%
2000/01Bayern Munich17
100%
2002/01Bayern Munich18
100%
2004/05Bayern Munich19
100%
2018/19Bayern Munich29
100%
2005/06Bayern Munich20
100%
2014/15Bayern Munich25
100%
2016/17Bayern Munich27
100%
2017/18Bayern Munich28
100%
2012/13Bayern Munich23
100%
2013/14Bayern Munich24
100%
2009/10Bayern Munich22
100%
2015/16Bayern Munich26
100%
2010/11Borussia Dortmund7
99%
2011/12Borussia Dortmund8
99%
1994/95Borussia Dortmund4
99%
2001/02Borussia Dortmund6
99%
1995/96Borussia Dortmund5
99%
2008/09VfL Wolfsburg1
80%
2006/07VfB Stuttgart5
75%
1991/92VfB Stuttgart4
75%
2003/04Werder Bremen4
75%
1992/93Werder Bremen3
75%
1997/98Kaiserslautern4
46%

Score Distribution

Percentile by Number Answered

Percent of People with Each Score

Your Score History

You have not taken this quiz